Shovel Knight Treasure Trove- All Bosses - Statistics

General Stats
  • This quiz has been taken 97 times
  • The average score is 16 of 30
Answer Stats
Hint Answer % Correct
Order of No Quarter King Knight
92%
Order of No Quarter Plague Knight
91%
Order of No Quarter Mole Knight
87%
Order of No Quarter Propeller Knight
85%
Order of No Quarter Tinker Knight
83%
Order of No Quarter Spectre Knight
81%
Order of No Quarter Polar Knight
79%
Order of No Quarter Treasure Knight
79%
Wandering Travellers Baz
74%
Wandering Travellers Black Knight
74%
Plague of Shadows Unique Bosses Shovel Knight
74%
Order of No Quarter The Enchantress
74%
Wandering Travellers Mr Hat
62%
Wandering Travellers Phantom Striker
60%
Wandering Travellers Reize
57%
Spectre of Torment Unique Bosses Shield Knight
57%
Hidden Bosses Battletoads
53%
Hidden Bosses Kratos
53%
King of Cards Unique Bosses Troupple King
47%
Spectre of Torment Unique Bosses Dark Reize
42%
King of Cards Unique Bosses King Pridemoor
36%
Hidden Bosses Cardia
32%
King of Cards Unique Bosses King Birder
32%
Plague of Shadows Unique Bosses Plague of Shadows
32%
Shovel of Hope Unique bosses Remnant of Fate
23%
Spectre of Torment Unique Bosses Nightmare Reize
21%
King of Cards Unique Bosses Percy
17%
Hidden Bosses The Big Creep
17%
Plague of Shadows Unique Bosses Corrupted Essence
15%
King of Cards Unique Bosses The Grand Triumvirate
11%
No matching quizzes found
Score Distribution
Percent of People with Each Score
Percentile by Number Answered
Your Score History
You have not taken this quiz